Thiên văn học
Sách giới thiệu những điều lý thú về thiên văn học. Tìm hiểu các vật thể xung quanh mặt trời, vũ trụ
Bewaard in:
| Hoofdauteur: | |
|---|---|
| Formaat: | Boek |
| Taal: | Undetermined |
| Gepubliceerd in: |
Hà Nội
Kim Đồng
2000
|
| Onderwerpen: | |
| Tags: |
Voeg label toe
Geen labels, Wees de eerste die dit record labelt!
|
| Thư viện lưu trữ: | Trung tâm Học liệu Trường Đại học Cần Thơ |
|---|
| LEADER | 00715nam a2200205Ia 4500 | ||
|---|---|---|---|
| 001 | CTU_39678 | ||
| 008 | 210402s9999 xx 000 0 und d | ||
| 020 | |c 5000 | ||
| 082 | |a 520 | ||
| 082 | |b L765/T.2 | ||
| 100 | |a Lippincott, Kristen | ||
| 245 | 0 | |a Thiên văn học | |
| 245 | 0 | |c Kristen Lippincott; Dịch giả: Cẩm Thạch | |
| 260 | |a Hà Nội | ||
| 260 | |b Kim Đồng | ||
| 260 | |c 2000 | ||
| 520 | |a Sách giới thiệu những điều lý thú về thiên văn học. Tìm hiểu các vật thể xung quanh mặt trời, vũ trụ | ||
| 650 | |a Astronomy | ||
| 904 | |i Nguyễn Quang Điền | ||
| 980 | |a Trung tâm Học liệu Trường Đại học Cần Thơ | ||